Click a Kate Quiz Stats

Quiz Updated Oct 23, 2014

Also try: Click a Matt
Challenge
Share
Tweet
Embed
Score 0/20 Timer 05:00
1 Play Today
% Correct
Middleton
94.2%
Holmes
92.7%
Perry
89.9%
of Aragon
87.8%
the Great
85.6%
Heigl
84.9%
Moss
82.4%
Zeta-Jones
81.8%
Couric
81.5%
Hepburn
80.3%
% Correct
Hudson
80.2%
Gosselin
78.2%
Deneuve
78.1%
Lee Gifford
77.1%
Blanchett
77%
Beckinsale
74.3%
Winslet
73.6%
Sagal
73.3%
Upton
68.7%
Spade
65.3%

You're not logged in!

Compare scores with friends on all Sporcle quizzes.
Join for Free
OR
Log In

You Might Also Like...

Show Comments

Extras

Top Quizzes Today


Score Distribution

Your Account Isn't Verified!

In order to create a playlist on Sporcle, you need to verify the email address you used during registration. Go to your Sporcle Settings to finish the process.

Report this User

Report this user for behavior that violates our Community Guidelines.

Details: